00484nam a2200193 a 4500001001300000003000900013005001700022008004100039020002300080082001600103100001700119245001600136260004300152300000900195500003500204505001800239650001600257700001700273nice12345678IN_TiNIC20260116014105.0070808s2007 oxfa grp 000 0 eng  a1851682082 c19500a297.93bSMI aSmith, Peter aBahai Faith aOxford bOne World Publications c2007 a176p aincludes index and biblioraphy2 abiblio, index aBahai Faith1 aSmith, Peter